Statistics for Australian Football League Teams by Longest Premiership Droughts

Click here to take the quiz!

General Stats

  • This quiz has been taken 21 times
  • The average score is 6 of 7

Answer Stats

SeasonsStart - EndAnswer% Correct
621954 - 2016Footscray/Western Bulldogs
100%
561964 - 2021Melbourne
95%
721933 - 2005South Melbourne/Sydney
95%
681897 - 1966St Kilda
85%
561966 - PresentSt Kilda
80%
511925 - 1975North Melbourne
65%
521944 - 1996Fitzroy
45%

Score Distribution

Percentile by Number Answered

Percent of People with Each Score

Your Score History

You have not taken this quiz